Bảo trì & sửa chữa thiết kế lắp đặt điện nhà

Sách trình bày các kỹ thuật cũng như tính năng của các dụng cụ điện, đồng thời biết cách xử lý và khắc phục sự cố hệ thống điện trong gia đình. Nội dung sách được phân loại theo từng đề mục, trình bày ngắn gọn, rõ ràng kèm theo hình ản...

Πλήρης περιγραφή

Αποθηκεύτηκε σε:
Λεπτομέρειες βιβλιογραφικής εγγραφής
Κύριος συγγραφέας: Lê, Ngọc Cương
Μορφή: Βιβλίο
Γλώσσα:Undetermined
Έκδοση: Đà Nẵng Nxb. Đà Nẵng 2002
Θέματα:
Ετικέτες: Προσθήκη ετικέτας
Δεν υπάρχουν, Καταχωρήστε ετικέτα πρώτοι!
Thư viện lưu trữ: Trung tâm Học liệu Trường Đại học Cần Thơ
LEADER 01022nam a2200205Ia 4500
001 CTU_102507
008 210402s9999 xx 000 0 und d
020 |c 30000 
082 |a 621.38132 
082 |b C561 
100 |a Lê, Ngọc Cương 
245 0 |a Bảo trì & sửa chữa thiết kế lắp đặt điện nhà 
245 0 |c Lê Ngọc Cương 
260 |a Đà Nẵng 
260 |b Nxb. Đà Nẵng 
260 |c 2002 
520 |a Sách trình bày các kỹ thuật cũng như tính năng của các dụng cụ điện, đồng thời biết cách xử lý và khắc phục sự cố hệ thống điện trong gia đình. Nội dung sách được phân loại theo từng đề mục, trình bày ngắn gọn, rõ ràng kèm theo hình ảnh minh họa cho từng bước thực hiện. 
650 |a Electric circuits 
904 |i Giang, H.Mai 
980 |a Trung tâm Học liệu Trường Đại học Cần Thơ